| 000 | 00000nam##2200000za#4500 |
| 001 | 9.690885 |
| 003 | CaOODSP |
| 005 | 20210624232527 |
| 007 | cr ||||||||||| |
| 008 | 150407|2008||||xxc|||||o f|0| 0 eng|d |
| 020 | |a978-0-662-48349-6 |
| 040 | |aCaOODSP|beng |
| 043 | |an-cn--- |
| 086 | 1 |aIu44-64/2008E-PDF |
| 110 | 1 |aCanada. |bIndustry Canada. |
| 245 | 10|aCanada aerospace |h[electronic resource] |
| 260 | |aOttawa - Ontario : |bIndustry Canada |c[2008]. |
| 300 | |a4p.|bphotographs |
| 500 | |aThe catalogue number (Iu44-64/2008E) and ISBN (978-0-662-48348-9) for the print edition have been incorrectly copied in this electronic publication. |
| 590 | |a13-06-Supp|b2013-03-19 |
| 690 | 07|aAerospace industry|2gcpds |
| 775 | 08|tL'aérospatiale au Canada |w(CaOODSP)9.635230 |
| 856 | 40|ahttp://publications.gc.ca|qPDF|s405 KB|uhttps://publications.gc.ca/collections/collection_2013/ic/Iu44-64-2008-eng.pdf |
| 986 | |a60453 |